| 000 | 01421cam a2200337 a 4500 | ||
|---|---|---|---|
| 005 | 20260322212057.0 | ||
| 008 | data | ||
| 010 | _a 2011013023 | ||
| 020 | _a9780486480909 (pbk.) | ||
| 020 | _a0486480909 (pbk.) | ||
| 040 |
_aDLC _cDLC _dDLC |
||
| 042 | _apcc | ||
| 050 | 0 | 0 |
_aQA303 _b.N64 2011 |
| 082 | 0 | 0 |
_a515 _223 |
| 084 |
_aMAT005000 _2bisacsh |
||
| 092 | _a516.83 N64 2011 | ||
| 100 | 1 |
_aNickerson, H. K. _d1918- _q(Helen Kelsall), |
|
| 245 | 1 | 0 |
_aAdvanced calculus / _cH. K. Nickerson, D. C. Spencer & Norman Earl Steenrod. |
| 250 | _aDover ed. | ||
| 260 |
_aMineola, N.Y. : _bDover Publications, _c2011. |
||
| 300 |
_aix, 540 p. : _bill. ; _c24 cm. |
||
| 500 | _aOriginally published: Princeton, N.J. : D. Van Nostrand, 1959. | ||
| 504 | _aIncludes bibliographical references. | ||
| 520 |
_a"Classroom-tested in a Princeton University honors course, this text offers a unified introduction to advanced calculus. Starting with an abstract treatment of vector spaces and linear transforms, the authors present a corresponding theory of integration, concluding with a series of applications to analytic functions of complex variables. 1959 edition"-- _cProvided by publisher. |
||
| 650 | 0 | _aCalculus. | |
| 650 | 0 | _aVector analysis. | |
| 650 | 7 |
_aMATHEMATICS / Calculus. _2bisacsh |
|
| 700 | 1 |
_aSpencer, D. C. _d1912-2001. _q(Donald Clayton), |
|
| 700 | 1 |
_aSteenrod, Norman Earl, _d1910-1971. |
|
| 001 | data | ||
| 999 |
_c1356 _d1356 |
||